[Event "9th Asian Continental"]
[Site "Olongapo City PHI"]
[Date "2010.04.28"]
[Round "8"]
[White "Rahman,Zia"]
[Black "Senador,E"]
[Result "1-0"]
[WhiteElo "2558"]
[BlackElo "2401"]

1.Nf3 d5 2.g3 c5 3.Bg2 f6 4.O-O e5 5.c4 d4 6.e3 Nc6 7.exd4 cxd4 8.d3 Be6
9.Na3 Bxa3 10.bxa3 Nge7 11.Rb1 Qd7 12.a4 O-O 13.Re1 Rab8 14.Ba3 Rfc8 15.a5 Bf5
16.Nh4 Bg4 17.Qa4 Ng6 18.Nxg6 hxg6 19.a6 Kh7 20.Rb5 bxa6 21.Rd5 Qb7 22.h3 Bd7
23.Qd1 Rd8 24.f4 Qc8 25.fxe5 Nxe5 26.Rc5 Nc6 27.Rh5+ gxh5 28.Qxh5+ Kg8 29.Bd5+ Be6
30.Rxe6 Rxd5 31.Qxd5 Kh8 32.Qxc6 Qg8 33.Re4 Qf7 34.Qd5 Rb1+ 35.Kf2  1-0

[Event "TOP 16 GpB"]
[Site "Mulhouse FRA"]
[Date "2010.04.29"]
[Round "4"]
[White "Pelletier,Y"]
[Black "Kallai,G"]
[Result "1/2-1/2"]
[WhiteElo "2611"]
[BlackElo "2444"]

1.Nf3 d5 2.g3 Nf6 3.Bg2 c6 4.O-O Bf5 5.d3 e6 6.c4 Nbd7 7.cxd5 cxd5 8.Nc3 Bc5
9.Qb3 Qb6 10.Qxb6 axb6 11.Bd2 O-O 12.Nh4 Bg6 13.Nxg6 hxg6 14.Nb5 Rfc8 15.Rfe1 Ne8
16.Bf4 Be7 17.a3 Rc5 18.Nc3 Bf6 19.g4 Rac8 20.Na4 R5c6 21.Rac1 Rxc1 22.Rxc1 Rxc1+
23.Bxc1 Nc5 24.Nxc5 bxc5 25.e4 dxe4 26.Bxe4 Nd6 27.Bg2 Bd4 28.a4 b6 29.b3 f5
30.h3 Kf7 31.Kf1 Kf6 32.Ke2 g5 33.Bd2 g6 34.b4 cxb4 35.Bxb4 Ne8 36.Bc6 Nc7
37.Bd6 Be5 38.Bxc7 Bxc7  1/2-1/2

[Event "42nd TCh-ITA Masters"]
[Site "Arvier ITA"]
[Date "2010.04.30"]
[Round "4"]
[White "Lanzani,M"]
[Black "Parpinel,Marc"]
[Result "1/2-1/2"]
[WhiteElo "2371"]
[BlackElo "2162"]

1.Nf3 d5 2.g3 Nf6 3.Bg2 c6 4.O-O Nbd7 5.d4 e6 6.Re1 Be7 7.Nbd2 O-O 8.e4 Nxe4
9.Nxe4 dxe4 10.Rxe4 c5 11.c3 b6 12.Re1 Bb7 13.Bf4 cxd4 14.Nxd4 Bxg2 15.Kxg2 Rc8
16.Qf3 g5 17.Bd2 Bf6 18.Rad1 Rc5 19.Bc1 Qc8 20.Kg1 Bxd4 21.Rxd4 Rf5 22.Qd1 Ne5
23.f4 gxf4 24.Bxf4 Ng6 25.Bh6 Re8 26.Rd6 Rd5 27.Rxd5 exd5 28.Rxe8+ Qxe8 29.Qxd5 Qe1+
30.Kg2 Qe2+ 31.Kg1 Qe1+ 32.Kg2 Qe2+ 33.Kh3 Qf1+ 34.Kg4 Qe2+ 35.Kh3 Qf1+ 36.Kg4 Qe2+
37.Kg5 Qe3+ 38.Kh5 Qe2+ 39.Kg5 Qe3+  1/2-1/2

[Event "ch-CAN Junior"]
[Site "Toronto CAN"]
[Date "2010.04.30"]
[Round "1"]
[White "Wang,Jesse"]
[Black "Thavandiran,S"]
[Result "0-1"]
[WhiteElo "1722"]
[BlackElo "2323"]

1.Nf3 d5 2.g3 g6 3.Bg2 Bg7 4.O-O e5 5.d3 Ne7 6.e4 Nbc6 7.Nc3 d4 8.Ne2 O-O
9.Nh4 Rb8 10.f4 exf4 11.Bxf4 h6 12.Nf3 g5 13.Bd2 Ng6 14.Kh1 Bg4 15.Neg1 Qd7
16.Qe1 Rbe8 17.Qf2 f5 18.exf5 Bxf5 19.h3 g4 20.hxg4 Bxg4 21.Rae1 Rxe1 22.Qxe1 Nce7
23.Nh2 Rxf1 24.Qxf1 Nf5 25.Qf2 Be5 26.Bf4 Bxf4 27.gxf4 Ne3 28.c3 Bf5 29.Ne2 c5
30.cxd4 cxd4 31.Nf3 Nxg2 32.Qxg2 Kh7 33.Nfxd4 Bxd3 34.Qf3 Bc4 35.Kh2 Bd5
36.Qg3 Be4 37.Qh3 Qd5 38.Qb3 Nxf4 39.Nxf4 Qxd4 40.Qf7+ Qg7 41.Qe6 Qxb2+ 42.Kh3  0-1

[Event "ch-SRB"]
[Site "Kragujevac SRB"]
[Date "2010.05.01"]
[Round "13"]
[White "Tadic,Br"]
[Black "Drazic,S"]
[Result "1/2-1/2"]
[WhiteElo "2524"]
[BlackElo "2545"]

1.Nf3 d5 2.g3 Nf6 3.Bg2 e6 4.O-O Be7 5.d4 O-O 6.c4 dxc4 7.Qc2 a6 8.Qxc4 b5
9.Qc2 Bb7 10.Bd2 Be4 11.Qc1 Nc6 12.e3 b4 13.Ne5 Bxg2 14.Nxc6 Bxc6 15.Qxc6 Qd7
16.Rc1 Bd6 17.f4 a5 18.Be1 Qxc6 19.Rxc6 Ne4 20.Nd2 Nxd2 21.Bxd2 f5 22.Kf2 Kf7
23.e4 fxe4 24.Ke3 Ke7 25.Kxe4 Kd7 26.Rc4 h5 27.a3 bxa3 28.bxa3 Rfb8 29.a4 Rb2
30.Kd3 g6 31.Rc2 Rb3+ 32.Rc3 Rb2 33.Rac1 h4 34.R1c2 Rb4 35.Rc4 Rb3+ 36.Bc3 hxg3
37.hxg3 Rh8 38.Ke4 Rh5 39.Kf3 Rh1 40.Kg2 Rh5 41.Rb2 Rxb2+ 42.Bxb2 g5 43.fxg5 Rxg5
44.Rc3 e5 45.dxe5 Rxe5 46.Ba3 Bb4 47.Rd3+ Ke6 48.Kf3 c5 49.Bc1 Rf5+ 50.Bf4 c4
51.Rd8 Rh5 52.Rc8 c3 53.Ke4 Rh1 54.Rc6+ Kd7 55.Rc7+ Kd8 56.Rc4 Re1+ 57.Kd3 Kd7
58.Rd4+ Kc6 59.Rc4+ Kd5 60.Rd4+ Kc6 61.Rc4+  1/2-1/2

[Event "TOP 16 GpB"]
[Site "Mulhouse FRA"]
[Date "2010.05.02"]
[Round "7"]
[White "Pelletier,Y"]
[Black "Benitah,Y"]
[Result "1-0"]
[WhiteElo "2611"]
[BlackElo "2377"]

1.Nf3 d5 2.g3 Bg4 3.Bg2 Nd7 4.c4 c6 5.cxd5 cxd5 6.Nc3 e6 7.Qb3 b6 8.Qa4 Bxf3
9.Bxf3 a6 10.d4 Nf6 11.e4 b5 12.Qb3 b4 13.exd5 bxc3 14.dxe6 Rb8 15.exd7+ Nxd7
16.Qc2 cxb2 17.Bxb2 Bb4+ 18.Kf1 O-O 19.Kg2 Be7 20.Rac1 Qa5 21.Ba1 Nb6 22.d5 Rbc8
23.Qe4 Rce8 24.Qg4 f6 25.Bc3 Qb5 26.Rb1 Qd3 27.Rb3 Nc4 28.Rd1  1-0

[Event "2nd Milko Bobotsov Mem"]
[Site "Sofia BUL"]
[Date "2010.05.02"]
[Round "3"]
[White "Drenchev,P"]
[Black "Somborski,N"]
[Result "1/2-1/2"]
[WhiteElo "2486"]
[BlackElo "2377"]

1.Nf3 d5 2.g3 Bg4 3.Bg2 Nd7 4.c4 c6 5.Qc2 Bxf3 6.exf3 dxc4 7.O-O e6 8.Qxc4 Ngf6
9.f4 Be7 10.d4 O-O 11.Nd2 a5 12.Nf3 a4 13.Re1 Nd5 14.Qc2 a3 15.f5 axb2 16.Qxb2 exf5
17.Qxb7 Bb4 18.Bg5 Qc8 19.Qxc8 Rfxc8 20.Re2 h6 21.Bc1 Rab8 22.Bb2 g5 23.Rc2 Be7
24.a4 g4 25.Ne5 Nxe5 26.dxe5 Nb4 27.Rc4 Nd3 28.Bd4 Rb4 29.Rxb4 Nxb4 30.Bb6 Bd8
31.Bxd8 Rxd8 32.Rb1 c5 33.Bf1 Nd3 34.Rd1 c4 35.Bxd3 cxd3 36.f4 gxf3 37.Kf2 Ra8
38.Rxd3 Rxa4 39.Rxf3 Ra2+ 40.Kg1 Kg7 41.Rxf5 Kg6 42.Rf6+ Kg7 43.Rf2 Ra5 44.Re2 Kg6
45.Kg2 h5 46.Kh3 Rb5 47.Re4 Ra5 48.Kh4 Rb5 49.h3 Ra5 50.e6 fxe6 51.Rxe6+ Kg7
52.Rd6 Rb5 53.g4 hxg4 54.hxg4 Rc5 55.Re6 Rb5 56.g5 Rb1 57.Re7+ Kg6 58.Re6+ Kg7
59.Re7+  1/2-1/2

[Event "4NCL 2009-10"]
[Site "Sunningdale ENG"]
[Date "2010.05.02"]
[Round "10"]
[White "Berczes,D"]
[Black "Adams,D"]
[Result "1/2-1/2"]
[WhiteElo "2521"]
[BlackElo "2217"]

1.Nf3 d5 2.g3 Nf6 3.Bg2 c6 4.c4 g6 5.b3 Bg7 6.Bb2 Qb6 7.Qc1 O-O 8.O-O Bg4
9.d4 Nbd7 10.h3 Bf5 11.Nc3 Ne4 12.Nd1 Rac8 13.Ne3 Be6  1/2-1/2

[Event "FSIMB May"]
[Site "Budapest HUN"]
[Date "2010.05.03"]
[Round "3"]
[White "Berczes,C"]
[Black "Iwamoto,T"]
[Result "1-0"]
[WhiteElo "2397"]
[BlackElo "2268"]

1.Nf3 d5 2.g3 c6 3.Bg2 Nf6 4.O-O Bg4 5.c4 e6 6.d3 Nbd7 7.cxd5 cxd5 8.Nc3 Be7
9.Bf4 O-O 10.Rc1 Rc8 11.a3 a6 12.b4 b5 13.Qb3 Qb6 14.Rc2 d4 15.Ne4 Rxc2 16.Nxf6+ Bxf6
17.Qxc2 e5 18.Bd2 Qe6 19.Rc1 Nb6 20.Qc6 Rc8 21.Qxe6 Bxe6 22.Ng5 Rxc1+ 23.Bxc1 Bxg5
24.Bxg5 f6 25.Bd2 Bd5 26.Bh3 Kf7 27.e3 Be6 28.Bf1 Ke7 29.exd4 exd4 30.Bf4 Kd7
31.Bb8 Bf5 32.h3 Nc8 33.g4 Bg6 34.f4 Ne7 35.Ba7 Nc6 36.Bb6 h5 37.Kf2 hxg4
38.hxg4 Bf7 39.Bg2 Be6 40.f5 Bb3 41.Be4 Bd1 42.Kg3 Be2 43.Kf4 Bf1 44.g5 fxg5+
45.Kxg5 Ne5 46.Bxd4 Bxd3 47.Bxd3 Nxd3 48.Kg6 Ke8 49.Kxg7 Nf4 50.Be5 Ne6+
51.fxe6 Ke7 52.Bc7  1-0

[Event "4NCL 2009-10"]
[Site "Sunningdale ENG"]
[Date "2010.05.03"]
[Round "11"]
[White "McFarland,R"]
[Black "Williams,Pe"]
[Result "1/2-1/2"]
[WhiteElo "2215"]
[BlackElo "1961"]

1.Nf3 d5 2.g3 g6 3.Bg2 Bg7 4.d4 Nf6 5.c4 c6 6.Nbd2 O-O 7.O-O Bf5 8.b3 Ne4
9.Bb2 Nd7 10.Nh4 Nxd2 11.Qxd2 Be6 12.cxd5 cxd5 13.Qb4 Qb6 14.Qxb6 Nxb6 15.Rfc1 Rfc8
16.e3 Kf8 17.Kf1 Ke8 18.Ke1 Kd8 19.Kd2 Rxc1 20.Rxc1 Rc8 21.Rxc8+ Nxc8 22.Nf3 f6
23.Ne1 Nd6 24.f3 Bd7  1/2-1/2

[Event "ch-UKR"]
[Site "Alushta UKR"]
[Date "2010.05.05"]
[Round "3"]
[White "Zaichuk,V"]
[Black "Omelja,A"]
[Result "1-0"]
[WhiteElo "2007"]
[BlackElo "2231"]

1.Nf3 d5 2.g3 c6 3.Bg2 Nf6 4.c4 Bf5 5.Qb3 Qb6 6.Qxb6 axb6 7.cxd5 Nxd5 8.d3 Nb4
9.Na3 Rxa3 10.bxa3 Nc2+ 11.Kd2 Nxa1 12.Bb2 Nd7 13.Rxa1 Bg6 14.Rb1 Kd8 15.Ne5 f6
16.Nxd7 Kxd7 17.Bd4 b5  1-0

[Event "FSIMB May"]
[Site "Budapest HUN"]
[Date "2010.05.05"]
[Round "5"]
[White "Berczes,C"]
[Black "Farago,S"]
[Result "1-0"]
[WhiteElo "2397"]
[BlackElo "2268"]

1.Nf3 d5 2.g3 c6 3.Bg2 Nf6 4.O-O Nbd7 5.d4 e6 6.b3 Ne4 7.Bb2 f5 8.c4 Bd6
9.Ne5 Nxe5 10.dxe5 Bc5 11.cxd5 exd5 12.Bd4 Be7 13.e3 O-O 14.Qc2 c5 15.Bb2 Be6
16.Rd1 Qe8 17.Nc3 Rd8 18.Ne2 Qc6 19.Rac1 a5 20.f3 Ng5 21.h4 Nf7 22.Nf4 Rd7
23.a4 Qb6 24.Bf1 Rfd8 25.Bb5 Rc7 26.Bc3 c4 27.Bxa5 Qxa5 28.Nxe6 Qb6 29.Nxd8 Nxe5
30.Qe2 Bxd8 31.Rxd5 Re7 32.a5 Qc7 33.Rcd1 Nf7 34.Bxc4 Kf8 35.Kg2 g6 36.Qd3 Kg7
37.Rxd8 f4 38.Qd4+ Ne5 39.Rg8+  1-0

[Event "40th Bosna Open"]
[Site "Sarajevo BIH"]
[Date "2010.05.06"]
[Round "2"]
[White "Martinovic,Sa"]
[Black "Manea,Al"]
[Result "1/2-1/2"]
[WhiteElo "2515"]
[BlackElo "2396"]

1.Nf3 d5 2.g3 g6 3.Bg2 Bg7 4.c4 d4 5.d3 Nc6 6.O-O Nf6 7.Na3 O-O 8.Nc2 a5
9.b3 e5 10.Bb2 Re8 11.a3 Bf5 12.b4 Qd7 13.b5 Nd8 14.e3 dxe3 15.Nxe3 Bxd3
16.Nxe5 Rxe5 17.Bxe5 Bxf1 18.Qxf1 Qe7 19.Bb2 Rb8 20.Re1 Ne6 21.Nd5 Qd8 22.Bxf6 Bxf6
23.Bh3 c6 24.Bxe6 fxe6 25.Nf4 e5 26.Ng2 Qd6 27.Ne3 Qxa3 28.Qh3 Qe7 29.Rd1 Bg7
30.Rd7 Qe8 31.c5 e4 32.bxc6 bxc6 33.Ra7 h5 34.Qf1 Qe6 35.Rxa5  1/2-1/2

[Event "ch-CZE"]
[Site "Ostrava CZE"]
[Date "2010.05.07"]
[Round "7"]
[White "Hracek,Z"]
[Black "Haba,P"]
[Result "1-0"]
[WhiteElo "2632"]
[BlackElo "2513"]

1.Nf3 d5 2.g3 c5 3.Bg2 Nc6 4.d4 e6 5.O-O cxd4 6.Nxd4 Bc5 7.Nb3 Bb6 8.c4 Nge7
9.cxd5 exd5 10.Nc3 O-O 11.Bg5 h6 12.Bxe7 Nxe7 13.Nxd5 Nxd5 14.Qxd5 Qf6 15.Rab1 Bf5
16.Rbc1 Be6 17.Qd2 Rfd8 18.Qc3 Qxc3 19.Rxc3 Bxb3 20.Rxb3 Rd7 21.e3 Rad8 22.Rb5 Rc7
23.a4 Rc5 24.Rxc5 Bxc5 25.Bxb7 Rd7 26.Rc1 Bb4 27.Rc8+ Kh7 28.Ba6 g5 29.Rc4 Rd1+
30.Kg2 Bd6 31.b4 Kg7 32.Bc8 Rb1 33.b5 Rb4 34.Rxb4 Bxb4 35.Kf3 Kf6 36.Ke4 Ke7
37.Kd5 Be1 38.f4 gxf4 39.exf4 Ba5 40.Bg4 Bb6 41.Kc6 f6 42.Bf5 Ba5 43.Kb7 Bb6
44.Ka6 Kd6 45.a5 Bd4 46.Kb7  1-0

[Event "ch-CZE"]
[Site "Ostrava CZE"]
[Date "2010.05.07"]
[Round "7"]
[White "Plat,V"]
[Black "Simacek,P"]
[Result "0-1"]
[WhiteElo "2401"]
[BlackElo "2518"]

1.Nf3 d5 2.g3 Bg4 3.Bg2 Nd7 4.d4 e6 5.c4 c6 6.cxd5 exd5 7.O-O Bd6 8.Nc3 Ngf6
9.Re1 O-O 10.e4 dxe4 11.Nxe4 Nxe4 12.Rxe4 Nf6 13.Bg5 Bf5 14.Re1 h6 15.Bxf6 Qxf6
16.Qb3 Be6 17.Qc2 Rad8 18.Qa4 a6 19.Ne5 Bc8 20.Rad1 c5 21.f4 b5 22.Qc2 cxd4
23.Nc6 Bf5 24.Qf2 Rd7 25.Ne5 Rc7 26.Kh1 Bc5 27.g4 Be6 28.Qg3 Qd8 29.g5 hxg5
30.fxg5 Bd5 31.g6 fxg6 32.Nxg6 Rf5 33.Re5 Bxg2+ 34.Qxg2 Rxe5 35.Nxe5 Be7
36.Qe4 Bf6 37.Rxd4 Qe8 38.Qd5+ Kh7 39.Rd3 Bxe5 40.Rh3+ Kg6 41.Qe4+ Kf7 42.Rf3+ Ke6
43.Rf5 Rc1+  0-1

[Event "40th Bosna Open"]
[Site "Sarajevo BIH"]
[Date "2010.05.07"]
[Round "3"]
[White "Dizdarevic,E"]
[Black "Nikcevic,N"]
[Result "1-0"]
[WhiteElo "2498"]
[BlackElo "2387"]

1.Nf3 d5 2.g3 Nf6 3.Bg2 c5 4.O-O Nc6 5.d4 Bg4 6.c4 Bxf3 7.Bxf3 cxd4 8.cxd5 Nxd5
9.Qb3 Nb6 10.a4 a5 11.Qb5 Rc8 12.Bd2 Nd7 13.Rc1 Nde5 14.Bg2 Qd7 15.Na3 e6
16.Bxc6 Nxc6 17.Nc4 Rd8 18.Bxa5 Nxa5 19.Qxa5 Qd5 20.Qb5+ Qxb5 21.axb5 Bc5
22.Na5 Bb6 23.Nxb7 Rb8 24.Nd6+ Ke7 25.Rc6 d3 26.e3 Bc5 27.Nxf7 Kxf7 28.Rxc5 Rhc8
29.Rxc8 Rxc8 30.Rd1 Rd8 31.b6 e5 32.e4 Rd4 33.b7 Rb4 34.Rxd3 Rxb2 35.Rd7+ Kf6
36.h4 h5 37.Kf1 g5 38.Rh7 gxh4 39.gxh4 Kg6 40.Rc7  1-0

[Event "40th Bosna Open"]
[Site "Sarajevo BIH"]
[Date "2010.05.09"]
[Round "5"]
[White "Djukic,Ni"]
[Black "Stojanovic,Andj"]
[Result "1-0"]
[WhiteElo "2495"]
[BlackElo "2305"]

1.Nf3 d5 2.g3 c6 3.Bg2 Bg4 4.O-O Nd7 5.d3 e6 6.Qe1 Bd6 7.e4 Ne7 8.Nc3 Qc7
9.Bd2 O-O 10.h3 Bh5 11.Nh2 f5 12.f4 dxe4 13.dxe4 e5 14.g4 Bf7 15.exf5 exf4
16.Ne4 Be5 17.Nf3 Nd5 18.c4 Ne3 19.Bxe3 fxe3 20.Nxe5 Qxe5 21.b3 Nc5 22.Qxe3 Nxe4
23.Qxe4 Qc5+ 24.Kh1 Rae8 25.Qf3 Re3 26.Qf2 Rfe8 27.Rae1 b5 28.Rxe3 Rxe3 29.f6 bxc4
30.fxg7 Qe7 31.bxc4 Kxg7 32.Qf4 c5 33.Rb1 Re1+ 34.Rxe1 Qxe1+ 35.Kh2 Qe2 36.Qg5+ Kh8
37.Qxc5 Kg8 38.Qg5+ Kf8 39.c5 Qxa2 40.c6 Qc4 41.Qe5 a5 42.c7 a4 43.Qh8+  1-0

[Event "2nd GM"]
[Site "Lublin POL"]
[Date "2010.05.10"]
[Round "2"]
[White "Meier,Geo"]
[Black "Grachev,B"]
[Result "1/2-1/2"]
[WhiteElo "2638"]
[BlackElo "2667"]

1.Nf3 d5 2.g3 c6 3.Bg2 Bg4 4.c4 e6 5.O-O Nf6 6.d3 Be7 7.Qb3 Qb6 8.Qc2 Nbd7
9.Be3 Bc5 10.Bxc5 Qxc5 11.Nbd2 a5 12.Rfc1 O-O 13.cxd5 Qxc2 14.Rxc2 exd5 15.h3 Bxf3
16.Nxf3 Rfe8 17.Rb1 g6 18.Nd4 Ra6 19.f4 Nf8 20.Kf2 Ne6 21.Nxe6 fxe6 22.d4 Rb6
23.b3 Ra8 24.a3 Ne8 25.e3 Nd6 26.Bf1 Nb5 27.Ra1 Nd6 28.Rb1 Nb5 29.Ra1 Nd6
30.Rb1  1/2-1/2

[Event "46th Capablanca Memorial Open A"]
[Site "Havana CUB"]
[Date "2010.05.11"]
[Round "1.27"]
[White "Soppe,G"]
[Black "Girones Barrios,Y"]
[Result "1/2-1/2"]
[WhiteElo "2430"]
[BlackElo "2221"]

1.Nf3 d5 2.g3 Nf6 3.Bg2 c5 4.c4 e6 5.O-O Nc6 6.cxd5 exd5 7.d4 Bf5 8.Nc3 Ne4
9.dxc5 Nxc3 10.bxc3 Bxc5 11.Ng5 h6 12.e4 dxe4 13.Nxe4 Bxe4 14.Bxe4 Qxd1 15.Rxd1 Rd8
16.Bf4 g5 17.Bc7 Rd7 18.Bxc6 bxc6 19.Be5 Rxd1+ 20.Rxd1 O-O 21.Rd7 Re8 22.Bd4 Bxd4
23.cxd4 Re1+ 24.Kg2 Rd1 25.Kf3 a5  1/2-1/2

[Event "ch-Commonwealth"]
[Site "Delhi IND"]
[Date "2010.05.12"]
[Round "4"]
[White "Anwesh,U"]
[Black "Abhishek,K"]
[Result "1-0"]
[WhiteElo "2419"]
[BlackElo "2261"]

1.Nf3 d5 2.g3 Nf6 3.Bg2 c6 4.O-O Bf5 5.d3 e6 6.Nbd2 Be7 7.b3 O-O 8.Bb2 h6
9.Qe1 a5 10.e4 Bh7 11.a3 Na6 12.Qe2 a4 13.b4 Nc7 14.c4 Nd7 15.Rae1 Bf6 16.Bc1 e5
17.Bb2 Re8 18.Rd1 Nf8 19.cxd5 cxd5 20.exd5 Nxd5 21.Ne4 Nd7 22.Nfd2 Be7 23.Nc4 N7b6
24.Bxe5 Bf8 25.Ba1 Rc8 26.Nxb6 Qxb6 27.Qh5 Rcd8 28.Rfe1 Nc7 29.Qe2 Nb5 30.Qa2 Nd4
31.Nc3 Rxe1+ 32.Rxe1 Bxd3 33.Nd5 Ne2+ 34.Rxe2 Bxe2 35.Qxe2 Qg6 36.Qb2 Qd3
37.Ne3 b6 38.Bf1 Qd7 39.Qe5 Rc8 40.Bb2 f6 41.Qe4 Re8 42.Qg6  1-0

[Event "46th Capablanca Memorial Open A"]
[Site "Havana CUB"]
[Date "2010.05.12"]
[Round "2.29"]
[White "Boada,W"]
[Black "Soppe,G"]
[Result "1-0"]
[WhiteElo "2214"]
[BlackElo "2430"]

1.Nf3 d5 2.g3 Bg4 3.Bg2 c6 4.b3 Nd7 5.Bb2 e6 6.O-O Ngf6 7.d3 a5 8.a3 Be7
9.Nbd2 O-O 10.Qe1 a4 11.b4 c5 12.c3 Qc7 13.Rc1 Rfc8 14.e4 Nb6 15.h3 Bxf3
16.Bxf3 dxe4 17.dxe4 Nfd7 18.Be2 Rd8 19.f4 e5 20.Nc4 Nxc4 21.Bxc4 Nb6 22.Ba2 c4
23.Bb1 Bf6 24.Rc2 Rd7 25.Rg2 Rad8 26.Bc2 Qc6 27.Bc1 exf4 28.gxf4 g6 29.e5 Bg7
30.Be3 Nd5 31.Bd4 Nc7 32.f5 Rxd4 33.cxd4 Qd5 34.e6 fxe6 35.fxg6 Qxd4+ 36.Kh1 hxg6
37.Bxg6 Rf8 38.Qb1 Qh4 39.Bh7+  1-0

[Event "VIII World's Youth Stars"]
[Site "Kirishi RUS"]
[Date "2010.05.12"]
[Round "4"]
[White "Lintchevski,D"]
[Black "Bukavshin,I"]
[Result "1/2-1/2"]
[WhiteElo "2503"]
[BlackElo "2435"]

1.Nf3 d5 2.g3 c6 3.Bg2 Bg4 4.c4 e6 5.b3 Nd7 6.Bb2 Ngf6 7.O-O Bd6 8.d4 Qb8
9.Nbd2 O-O 10.Re1 b5 11.Qc1 Rc8 12.c5 Bc7 13.e4 dxe4 14.Nxe4 Nxe4 15.Rxe4 Bxf3
16.Bxf3 Nf6 17.d5 Nxd5 18.Qg5 e5 19.Bxe5 Bxe5 20.Qxe5 Qxe5 21.Rxe5 Nb4 22.Re2 Nd3
23.Rc2 Rd8 24.a3 Ne5 25.Be4 f5 26.Bg2 Rd3 27.Re1 Nf3+ 28.Bxf3 Rxf3 29.Rd2 Kf8
30.Rd7 Re8 31.Rxe8+ Kxe8 32.Rxa7 Rxb3 33.Rxg7 Rxa3 34.Rc7 Rc3 35.Rxc6 b4
36.Rb6 Rxc5 37.Rxb4 Kf7 38.Kg2 Rc3 39.Rb6 Kg7 40.h4 h5 41.Re6 Ra3 42.Rd6 Rb3
43.Rd4 Kg6 44.Rf4 Ra3 45.Rf3 Ra4 46.Kf1 Ra1+ 47.Ke2 Ra2+ 48.Ke3 Ra3+ 49.Kf4 Ra4+
50.Ke5 Re4+ 51.Kd5 Re2 52.Kd4 Ra2 53.Rf4 Ra4+ 54.Ke3 Ra3+ 55.Ke2 Ra2+ 56.Kf3 Ra3+
57.Kg2 Rb3 58.Rc4 Ra3 59.Rc6+ Kg7 60.Re6 Rb3 61.f3 Rb2+ 62.Kf1 Ra2 63.Re2 Ra3
64.Kf2 Rb3 65.Rd2 Ra3 66.Ke2 Rb3 67.Rd3 Rb4 68.Ke3 Kf6 69.Rd6+ Kg7 70.Rd4 Rb6
71.Rc4 Kf6 72.Kd3 Ra6 73.Rc8 Ra3+ 74.Rc3 Ra4 75.Rc6+ Kg7 76.Ke3 Rb4 77.Ra6 Rc4
78.Ra1 Rb4 79.Rc1 Ra4 80.Rd1 Rb4 81.Rd4 Rb6 82.Ra4 Kf6 83.Ra3 Rb4 84.f4 Re4+
85.Kd3 Rb4 86.Ra6+ Kg7 87.Kc3 Re4 88.Rd6 Ra4 89.Rc6 Re4 90.Rc4 Re1 91.Kd4 Kf6
92.Rc6+ Kg7 93.Kd5 Re3 94.Rc7+ Kg6 95.Rc6+ Kg7 96.Re6 Ra3 97.Re1 Kf6 98.Re6+ Kg7
99.Rc6 Re3 100.Rb6 Re2 101.Rb3 Kf6 102.Rd3 Ra2 103.Kc6 Re2 104.Kd7 Re1 105.Rd6+ Kg7
106.Re6 Ra1 107.Re3 Kf6 108.Rd3 Re1  1/2-1/2

[Event "TCh-UKR Clubs"]
[Site "Alushta UKR"]
[Date "2010.05.13"]
[Round "1"]
[White "Sevostianov,P"]
[Black "Borovikov,V"]
[Result "0-1"]
[WhiteElo "2245"]
[BlackElo "2599"]

1.Nf3 d5 2.g3 Bg4 3.Bg2 Nd7 4.c4 e6 5.O-O Bxf3 6.Bxf3 Ne5 7.Qb3 Nxf3+ 8.Qxf3 c6
9.d3 Nf6 10.Bg5 Be7 11.Nc3 O-O 12.Rfd1 h6 13.Bf4 Nd7 14.cxd5 cxd5 15.d4 Qb6
16.Rab1 Rac8 17.Qd3 Bb4 18.Bd2 Rc4 19.e3 Rfc8 20.Be1 Bxc3 21.Bxc3 Nf6 22.f3 Qa6
23.a3 Qb6 24.Bd2 R8c6 25.g4 Qc7 26.Bc3 a5 27.Qd2 b6 28.Rf1 Ne8 29.Rf2 Nd6
30.Qd3 Rxc3 31.bxc3 Rxc3 32.Qa6 b5 33.Qa8+ Kh7 34.e4 Qb6 35.Qf8 dxe4 36.fxe4 Qxd4
37.Re1 Rf3  0-1

[Event "TCh-UKR Clubs"]
[Site "Alushta UKR"]
[Date "2010.05.13"]
[Round "1"]
[White "Martiyan,A"]
[Black "Zubov,A UKR"]
[Result "0-1"]
[WhiteElo "2171"]
[BlackElo "2586"]

1.Nf3 d5 2.g3 Bg4 3.Bg2 Nd7 4.d3 e6 5.Nbd2 Bd6 6.c4 Ne7 7.b3 O-O 8.Bb2 c6
9.Qc2 e5 10.h3 Bh5 11.e4 dxe4 12.dxe4 a5 13.a3 f6 14.O-O Qc7 15.Rfd1 c5 16.Nf1 Nc6
17.Ne3 Nd4 18.Bxd4 cxd4 19.Nd5 Qc6 20.Rdc1 Bf7 21.b4 Rfc8 22.c5 Bf8 23.Nd2 b6
24.Rab1 axb4 25.axb4 bxc5 26.b5 Qb7 27.Nc4 f5 28.b6 Bxd5 29.exd5 e4 30.g4 Re8
31.d6 f4 32.Qb3 Kh8 33.Qb5 f3 34.Bf1 e3 35.Bd3 Nf6 36.Qxc5 exf2+ 37.Kf1 Ne4
38.Qxd4 Rad8 39.Bxe4 Rxe4 40.Qd3 Re6 41.Na5 Qf7 42.Qf5 Re1+ 43.Rxe1 fxe1=Q+
44.Rxe1 Qa2 45.Qxf3 Qxa5 46.Qf7 Qxb6  0-1

[Event "Open ch-State"]
[Site "Stuttgart GER"]
[Date "2010.05.13"]
[Round "1"]
[White "Gutman,L"]
[Black "Erben,L"]
[Result "1-0"]
[WhiteElo "2427"]
[BlackElo "2092"]

1.Nf3 d5 2.g3 Nf6 3.Bg2 Bf5 4.O-O h6 5.c4 c6 6.cxd5 cxd5 7.Qb3 Qb6 8.Nc3 Qxb3
9.axb3 Nc6 10.Nb5 Kd7 11.d4 e6 12.Ne5+ Nxe5 13.dxe5 Ng4 14.e4 Bxe4 15.Bxe4 dxe4
16.Rd1+ Ke7 17.Bf4 g5 18.Bd2 Nxe5 19.Bb4+ Kf6 20.Bc3 Kf5 21.g4+ Kf4 22.h3 Nf3+
23.Kf1 Rg8 24.Rd7 f5 25.Nc7  1-0

[Event "46th Capablanca Memorial Open A"]
[Site "Havana CUB"]
[Date "2010.05.14"]
[Round "4.7"]
[White "Obregon Rivero,J"]
[Black "Ordaz Valdes,L"]
[Result "1/2-1/2"]
[WhiteElo "2445"]
[BlackElo "2348"]

1.Nf3 d5 2.g3 c5 3.c4 d4 4.e3 Nc6 5.exd4 cxd4 6.d3 e5 7.Bg2 Bd6 8.O-O Nge7
9.Re1 O-O 10.c5 Bxc5 11.Nxe5 Nxe5 12.Rxe5 Bd6 13.Re1 Nc6 14.Nd2 Bf5 15.Ne4 Rc8
16.a3 Qd7 17.Nxd6 Qxd6 18.Bf4 Qd7 19.Rc1 Rfe8 20.Rxe8+ Rxe8 21.Qb3 h6 22.h4 Re7
23.Qb5 a6 24.Qc4 Ne5 25.Bxe5 Rxe5 26.b4 a5 27.Bf3 Be6 28.Qc2 axb4 29.axb4 Rb5
30.Ra1 Bd5 31.Bxd5 Qxd5 32.Qc8+ Kh7 33.Rb1 Qc6 34.Qg4 Qc2 35.Re1 Qxd3 36.Rd1 Qc3
37.Rxd4 Re5 38.Rf4 Qc1+ 39.Kh2 Qc7 40.Qf3 Kg8 41.Qd3 Qc6 42.Rd4 Qg6 43.Qxg6 fxg6
44.g4 Rb5  1/2-1/2

[Event "46th Capablanca Memorial Open A"]
[Site "Havana CUB"]
[Date "2010.05.14"]
[Round "4.12"]
[White "Mena Crespo,C"]
[Black "Delgado Ramos,H"]
[Result "0-1"]
[WhiteElo "2347"]
[BlackElo "2480"]

1.Nf3 d5 2.g3 c6 3.Bg2 Nf6 4.O-O Bg4 5.d3 Nbd7 6.c4 e6 7.Be3 Bd6 8.Qb3 Qb8
9.Nc3 O-O 10.cxd5 exd5 11.Bd4 Bxf3 12.Bxf3 Bc5 13.Bxc5 Nxc5 14.Qa3 Ne6 15.Bg2 a5
16.e3 d4 17.Ne2 dxe3 18.fxe3 Re8 19.Rae1 Qa7 20.d4 Qb6 21.Qb3 Qxb3 22.axb3 Ng5
23.Nc3 Nge4 24.Nxe4 Nxe4 25.Re2 g6 26.g4 Ra6 27.Rf4 Ng5 28.h4 Ne6 29.Rff2 Nc7
30.Rf3 Rb6 31.Ref2 Re7 32.e4 Rb4 33.d5 cxd5 34.exd5 Nxd5 35.Rxf7 Rxg4 36.Rxe7 Nxe7
37.h5 Rg3 38.hxg6 hxg6 39.Rf3 Rxf3 40.Bxf3 b6 41.Kf2 Nf5 42.Bd5+ Kf8 43.Ke2 Ke7
44.Kd3 Kd6 45.Bf7 g5 46.Ke4 g4 47.Kf4 g3 48.Kf3 Kc5 49.Bg8 Kb4 50.Bf7 b5
51.Bd5 Nd4+ 52.Kxg3 Nxb3 53.Kf2 Nd2 54.Ke1 Nc4  0-1

[Event "46th Capablanca Memorial Open A"]
[Site "Havana CUB"]
[Date "2010.05.14"]
[Round "4.2"]
[White "Bacallao Alonso,Y"]
[Black "Prasca Sosa,R"]
[Result "1-0"]
[WhiteElo "2530"]
[BlackElo "2424"]

1.Nf3 d5 2.g3 c6 3.Bg2 Nf6 4.O-O Bf5 5.c4 e6 6.cxd5 exd5 7.d3 h6 8.Nc3 Be7
9.Nd4 Bh7 10.e4 O-O 11.Re1 Nbd7 12.e5 Ne8 13.Qg4 Kh8 14.Nf5 Nc5 15.Nxe7 Nxd3
16.Nxc6 bxc6 17.Re2 Nc7 18.Qa4 Ne6 19.b3 d4 20.Ne4 Nxc1 21.Rxc1 d3 22.Rd2 Nd4
23.Rc5 Ne2+ 24.Kh1 Qe7 25.Qxc6 Rad8 26.h3 f6 27.Rd5 Rxd5 28.Qxd5 fxe5 29.Qxd3 Nd4
30.Qc4 Qd7 31.Qc5 Re8 32.Nd6 Qe7 33.Qxe5 Qxe5 34.Nf7+ Kg8 35.Nxe5 Rxe5 36.Rxd4 a5
37.Bf3 Bb1 38.a3 Rc5 39.Kg2 Kf8 40.Rd5 Rxd5 41.Bxd5 Ba2 42.Kf3 Ke7 43.Ke3 Kd6
44.Kd4 g5 45.Bc4  1-0

[Event "ch-USA"]
[Site "Saint Louis USA"]
[Date "2010.05.14"]
[Round "1"]
[White "Kamsky,G"]
[Black "Robson,R"]
[Result "1-0"]
[WhiteElo "2702"]
[BlackElo "2569"]

1.Nf3 d5 2.g3 c6 3.Bg2 Bg4 4.O-O Nd7 5.d3 Ngf6 6.h3 Bh5 7.Nbd2 e5 8.e4 Bd6
9.c3 a5 10.a4 O-O 11.Qc2 Re8 12.Re1 Nc5 13.Nh4 dxe4 14.dxe4 Bc7 15.Bf1 Qd7
16.Nb3 Ncxe4 17.g4 Bxg4 18.hxg4 Qxg4+ 19.Ng2 Rad8 20.Qe2 Qe6 21.Qc4 Qf5 22.Be3 Qh3
23.Be2 Ng4 24.Bxg4 Qxg4 25.Nd2 Nf6 26.Qxg4 Nxg4 27.Nc4 Nxe3 28.Ngxe3 h5 29.Rab1 Rd3
30.Red1 Red8 31.Rxd3 Rxd3 32.b4 axb4 33.Rxb4 b5 34.axb5 cxb5 35.Rxb5 Rxc3
36.Rb7 Bd8 37.Rb8 Rd3 38.Nxe5 Rd6 39.Kg2 g6 40.Rb7 Rf6 41.N3c4 Rf4 42.Nd6 Bh4
43.f3 g5 44.Ndxf7 Rf6 45.Rb8+ Kg7 46.Rh8 Rf5 47.Rxh5 Be1 48.Rxg5+ Rxg5+ 49.Nxg5 Kf6
50.Nd3 Ba5 51.Ne4+ Kf5 52.Kf2 Bc7 53.Ke3 Bb6+ 54.Nec5 Bc7 55.Nb3 Bd6 56.Nd4+ Kf6
57.Ke4 Bg3 58.Nf4 Bh2 59.Nde2 Ke7 60.Kf5 Kd6 61.Kg4 Ke5 62.Nh5  1-0

[Event "Open ch-State"]
[Site "Stuttgart GER"]
[Date "2010.05.14"]
[Round "3"]
[White "Szenetra,W"]
[Black "Teske,H"]
[Result "0-1"]
[WhiteElo "2203"]
[BlackElo "2542"]

1.Nf3 d5 2.g3 Bg4 3.Bg2 Nd7 4.d3 Ngf6 5.Nbd2 e5 6.h3 Bh5 7.e4 dxe4 8.dxe4 Bc5
9.O-O O-O 10.Qe1 c6 11.Nb3 Bb6 12.Bd2 Re8 13.Bc3 Qc7 14.Nh4 Rad8 15.a4 a6
16.g4 Bg6 17.Rd1 Nf8 18.Rxd8 Rxd8 19.Nf5 Ne6 20.Ba5 Nf4 21.Bxb6 Qxb6 22.a5 Qc7
23.Qe3 Bxf5 24.gxf5 g6 25.fxg6 hxg6 26.f3 N6h5 27.Kf2 Qe7  0-1